Statystyki dla Wyspy Azji Wschodniej na mapie

Kliknij tutaj aby rozwiązać quiz!

Ogólne statystyki

  • Ten quiz został rozwiązany 74 razy
  • Średni wynik to 5 z 10

Odpowiedzi na mapie

Odpowiedzi skodowane kolorowo w zielono-czerwonej skali na mapie do tego quizu, zgodnie z poniższymi procentami.
 

Statystyki odpowiedzi

Wyspy% Poprawnych
Tajwan
85%
Honsiu
78%
Hokkaido
73%
Kiusiu
63%
Sachalin
53%
Sikoku
47%
Hajnan
35%
Hong Kong
35%
Okinawa
23%
Jeju
17%

Rozkład punktacji

Percentyl według liczby udzielonych odpowiedzi

Procent ludzi z każdym wynikiem

Twoja historia wyników

Nie rozwiązałeś tego quizu